| 000 | 00799nam0a22002531 4500 | ||
|---|---|---|---|
| 001 | RU\INFOCOMM_322\NLR\5000071267 | ||
| 005 | 20250625202242.0 | ||
| 035 | _a(NLR Aleph) 011015052 | ||
| 090 |
_a11044126 _c11044126 |
||
| 100 | _a20121120d1930 |||y0rusy50 ca | ||
| 101 | 0 | _ager | |
| 102 | _aRU | ||
| 105 | _ay z|||| | ||
| 200 | 1 |
_aKollektivisierungsbewegung und der Aufschwung der Landwirtschaft _fRede u. Schlusswort des Gen. Jakowlew _gXVI Parteitag der KP(b) der UdSSR |
|
| 210 |
_aMoskau _cZVV _d1930 |
||
| 215 |
_a88 Ñ. _d21 Ñм |
||
| 620 | _aÐоÑква | ||
| 686 |
_aÐÐÐ-160(XVIп/Ñ)Ð _2rubbk |
||
| 700 | 1 |
_aJakovlev _bJ. A. _f1896-1939 _gJakov Arkad'eviÄ |
|
| 801 | 1 |
_aRU _bInfoComm _c20121120 |
|
| 801 | 0 |
_aRU _bNLR _gPSBO |
|
| 852 |
_aNLR _jÐ-10/586 _y2 Ñкз. |
||
| 942 | _cBOOK | ||
| 980 | _aNB | ||